Lễ mừng năm mới của tộc người Xơ Đăng Kon Tum /

Na minha lista:
Detalhes bibliográficos
Autor principal: Phan Văn Hoàng.
Formato: Artigo
Idioma:Vietnamese
Assuntos:
Tags: Adicionar Tag
Sem tags, seja o primeiro a adicionar uma tag!
Thư viện lưu trữ: Thư viện Trường Đại học Đà Lạt
LEADER 00759nam a2200265 4500
001 DLU090086079
005 ##20091215
040 # # |a DLU  |b vie 
041 # # |a vie 
044 # # |a vn 
100 # # |a Phan Văn Hoàng. 
245 # # |a Lễ mừng năm mới của tộc người Xơ Đăng Kon Tum /  |c Phan Văn Hoàng. 
653 # # |a Dân tộc Xơ Đăng 
653 # # |a Luật tục 
653 # # |a Phong tục 
773 # # |t Văn hóa nghệ thuật  |g Số 3(285), 2008, tr. 98-101 
920 # # |a Phòng Tạp chí -- Trung tâm Thông tin - Thư viện Trường Đại học Đà Lạt 
994 # # |a DLU 
900 # # |a True 
911 # # |a Nguyễn Thị Linh Chi 
925 # # |a G 
926 # # |a A 
927 # # |a BB 
980 # # |a Thư viện Trường Đại học Đà Lạt